Statistics for World Capitals in 1945

Click here to take the quiz!

General Stats

  • This quiz has been taken 102 times
  • The average score is 59 of 68

Answer Stats

HintAnswer% Correct
EuropeDenmarkCopenhagen
98%
EuropeFranceParis
98%
EuropeBulgariaSofia
98%
EuropeGreeceAthens
96%
EuropeFinlandHelsinki
96%
EuropePortugalLisbon
96%
EuropeUnited KingdomLondon
96%
EuropeSpainMadrid
96%
EuropeSoviet UnionMoscow
96%
EuropeItalyRome
96%
EuropeSwedenStockholm
96%
EuropeNetherlandsAmsterdam
95%
EuropeBelgiumBrussels
95%
EuropeHungaryBudapest
95%
EuropeIrelandDublin
95%
EuropeMonacoMonaco
95%
EuropeNorwayOslo
95%
EuropePolandWarsaw
95%
AsiaIraqBaghdad
94%
EuropeSwitzerlandBern
94%
EuropeLuxembourgLuxembourg
94%
AsiaJapanTokyo
94%
EuropeVatican CityVatican City
94%
EuropeRomaniaBucharest
93%
EuropeCzechoslovakiaPrague
93%
EuropeSan MarinoSan Marino
93%
AsiaTurkeyAnkara
92%
AsiaIranTehran
92%
EuropeYugoslaviaBelgrade
90%
South AmericaArgentinaBuenos Aires
90%
AsiaAfghanistanKabul
90%
North AmericaCanadaOttawa
90%
South AmericaBrazilRio de Janeiro
90%
EuropeAlbaniaTirana
90%
AsiaThailandBangkok
89%
North AmericaCubaHavana
89%
North AmericaMexicoMexico City
89%
South AmericaChileSantiago
89%
North AmericaUnited StatesWashington D.C.
89%
EuropeIcelandReykjavik
88%
AfricaEgyptCairo
87%
OceaniaAustraliaCanberra
87%
South AmericaVenezuelaCaracas
87%
North AmericaPanamaPanama City
86%
South AmericaPeruLima
85%
North AmericaGuatemalaGuatemala City
83%
South AmericaUruguayMontevideo
83%
AfricaSouth AfricaPretoria / Cape Town / Bloemfontein
83%
North AmericaEl SalvadorSan Salvador
83%
AsiaMongoliaUlaanbaatar
83%
OceaniaNew ZealandWellington
83%
South AmericaColombiaBogotá
82%
AsiaNepalKathmandu
82%
South AmericaBoliviaLa Paz / Sucre
82%
South AmericaEcuadorQuito
82%
AsiaSaudi ArabiaRiyadh
82%
AfricaEthiopiaAddis Ababa
81%
EuropeAndorraAndorra la Vella
81%
EuropeLiechtensteinVaduz
81%
North AmericaHaitiPort-au-Prince
80%
South AmericaParaguayAsunción
79%
North AmericaCosta RicaSan José
76%
North AmericaDominican RepublicSanto Domingo
75%
North AmericaNicaraguaManagua
67%
AfricaLiberiaMonrovia
67%
AsiaChinaNanjing
64%
North AmericaHondurasTegucigalpa
61%
AsiaYemenAden
51%

Score Distribution

Percentile by Number Answered

Percent of People with Each Score

Your Score History

You have not taken this quiz